书目信息 |
| 题名: |
社会科学信息资源网络建设
|
|
| 作者: | 袁名敦 , 刘时衡 , 赖茂生 主编 | |
| 分册: | ||
| 出版信息: | 北京 北京图书馆出版社 2002.01 |
|
| 页数: | 558页 | |
| 开本: | 19cm | |
| 丛书名: | ||
| 单 册: | ||
| 中图分类: | G350.7 | |
| 科图分类: | ||
| 主题词: | 情报学 , 情报工作 | |
| 电子资源: | ||
| ISBN: | 7-5013-1866-2 | |
| 000 | 00727nam0 2200229 45 | |
| 001 | 0356120794 | |
| 005 | 2003111115352079 | |
| 010 | @a7-5013-1866-2@dCNY 32.00 | |
| 100 | @a20031111d2002 km y0chiy0120 ea | |
| 101 | 0 | @achi |
| 102 | @aCN@b110000 | |
| 200 | 1 | @a社会科学信息资源网络建设@Ashe hui ke xue xin xi zi yuan wang luo jian she@f袁名敦,刘时衡,赖茂生主编@Fyuan ming dun,liu shi heng,lai mao sheng zhu bian |
| 210 | @a北京@c北京图书馆出版社@d2002.01 | |
| 215 | @a558页@d19cm | |
| 606 | 0 | @a情报学 |
| 606 | 0 | @a情报工作 |
| 690 | @aG350.7 | |
| 701 | 0 | @a袁名敦@Ayuan ming dun@4主编 |
| 701 | 0 | @a刘时衡@Aliu shi heng@4主编 |
| 701 | 0 | @a赖茂生@Alai mao sheng@4主编 |
| 801 | 0 | @aCN@bPFT@c20031111 |
| 905 | @dG350.7@eY900 | |
| 社会科学信息资源网络建设/袁名敦,刘时衡,赖茂生主编.-北京:北京图书馆出版社,2002.01 |
| 558页;19cm |
| ISBN 7-5013-1866-2:CNY 32.00 |
| ● |
| 相关链接 |
|
|
|
正题名:社会科学信息资源网络建设
索取号:G350.7/Y900
 
预约/预借
| 序号 | 登录号 | 条形码 | 馆藏地/架位号 | 状态 | 备注 |
| 1 | 372745 | 203727459 | 社科库409/409社科库 120排3列5层/ [索取号:G350.7/Y900] | 在馆 | |
| 2 | 372746 | 203727468 | 社科库409/409社科库 120排3列5层/ [索取号:G350.7/Y900] | 在馆 |